El comportamiento alógico (separata de su historia y elementos de la sociología del conocimiento) /

Guardado en:
Autor Principal: Pareto, Vilfredo
Formato: Libro
Publicado: Buenos Aires : Eudeba, 1968
Etiquetas: Agregar Etiqueta
Sin Etiquetas, Sea el primero en etiquetar este registro!
LEADER 00462nam a22001455a 4500
001 CEM.cems004890
005 20060217000000.0
008 130507s1968##################000#0#####d
003 CEMS
082 0 4 |a 121 
100 1 |a Pareto, Vilfredo 
245 1 0 |a El comportamiento alógico (separata de su historia y elementos de la sociología del conocimiento) / 
260 |a Buenos Aires :  |b Eudeba,  |c 1968 
300 |a 43 p. 
859 |a CEMS  |b BIB. CEMS - 11 de abril  |h 121  |i P216  |p 464.73  |t Ej.1